000 00321cam a22001217a 4500
008 180718b-- xxu||||| |||| 00| 0 eng d
082 _aA45:W54 BPT
100 _aMumbai Port Trust
245 _aAdministration report
260 _aMumbai
_bThe author
_c--
500 _aLibrary has 2006/07, 2010/11
650 _aPorts - India
999 _c480124
_d480124